000 00350nam a2200109Ia 4500
008 180315s9999 xx 000 0 und d
020 _a9780399165603
100 _aFriedman, Ron
245 4 _aThe best place to work :
_bThe art and science of creating an extraordinary workplace
260 _aNew York :
_b2014
_cA perigee book
300 _axi, 324 pages
999 _c356322
_d356322